लोड हो रहा है...

Ends and means : their dialectical unity /

ग्रंथसूची विवरण
मुख्य लेखक: Shah, C. G.
स्वरूप: Printed Book
भाषा:English
प्रकाशित: Bombay : Popular Prakashan, [1972].
विषय:
LEADER 00718nam a2200193 4500
008 730723s1972 ii 000 0 eng
082 |a 335.4 
100 1 |a Shah, C. G. 
245 1 0 |a Ends and means :   |c [by] C. G. Shah.  |b their dialectical unity / 
260 |a Bombay :  |b Popular Prakashan,  |c [1972]. 
300 |a xx, 161 p. ;  |c 23 cm. 
350 |a Rs30.00 
500 |a Published under the auspices of C. G. Shah Memorial Trust. 
650 0 |a Dialectical materialism. 
650 0 |a Ends and means. 
906 |a 7  |b cbc  |c orignew  |d 4  |e ncip  |f 19  |g y-gencatlg 
942 |c BK 
999 |c 276495  |d 276495 
952 |0 0  |1 0  |2 ddc  |4 0  |6 335_400000000000000_SHA_E  |7 0  |9 311045  |a PHL  |b PHL  |c ST1  |d 2015-12-09  |i 243  |l 0  |o 335.4 SHA/E  |p PHL243  |r 2015-12-09  |y BK